000 00961nas a2200301 4500
001 BR2017001449
003 BR-BrBNA
005 20231205130944.0
007 ta
008 230509b bl.|||p| |||| 00| 00por d
040 _aBR-BrBNA
_bpor
_cBiblioteca Nacional de Agricultura
041 _a(Pt)
072 _aF50; F70
100 1 _aAmaral, E.V.E. de J.
100 1 _aReis, E.F. dos
100 1 _aAmaral, K.E.V.E. de J.
100 1 _aReis, E.F. dos
100 1 _aRessel, K.
100 1 _aPinto, J.F.N. ,
245 1 _aDescrição morfológica de duas espécies de Campomanesia Ruiz Pavon (Myrtaceae)
650 _aMORFOLOGIA VEGETAL
650 _aTAXONOMIA
650 _aCERRADO
773 0 _tRevista Agrotecnologia (Brazil)
_xISSN 2179-5959
_g(2016), v. 7(1) p. 42-52
_wBR2017001449
856 4 0 _uhttp://www.revista.ueg.br/index.php/agrotecnologia/article/view/4992/pdf
909 _a202311
_bLúcia
_c55
_dLúcia Elande
942 _2AGRIS
_n0
_cANA
999 _c252253
_d252253